Movies Quiz

Random Movies or Actress Quiz

Spike Lee Casts Part I Quiz Stats

Quiz not verified by Sporcle

Challenge
Share
Tweet
Embed
Score 0/222 Timer 15:00
0 Plays Today
Film Actor/Actress % Correct
Mo' Better Blues (1990)Denzel Washington
100%
Malcolm X (1992)Denzel Washington
100%
Crooklyn (1994)Isaiah Washington
100%
Clockers (1995)Isaiah Washington
100%
Girl 6 (1996)Isaiah Washington
100%
Get on the Bus (1996)Isaiah Washington
100%
He Got Game (1998)Denzel Washington
100%
She's Gotta Have It (1986)Spike Lee
95.7%
She's Gotta Have It (1986)Joie Lee
95.7%
She's Gotta Have It (1986)Bill Lee
95.7%
School Daze (1988)Spike Lee
95.7%
School Daze (1988)Joie Lee
95.7%
Do the Right Thing (1989)Spike Lee
95.7%
Do the Right Thing (1989)Joie Lee
95.7%
Mo' Better Blues (1990)Spike Lee
95.7%
Mo' Better Blues (1990)Joie Lee
95.7%
Mo' Better Blues (1990)Bill Lee
95.7%
Jungle Fever (1991)Spike Lee
95.7%
Malcolm X (1992)Spike Lee
95.7%
Crooklyn (1994)Spike Lee
95.7%
Crooklyn (1994)Joie Lee
95.7%
Clockers (1995)Spike Lee
95.7%
Girl 6 (1996)Spike Lee
95.7%
Girl 6 (1996)Joie Lee
95.7%
Get on the Bus (1996)Joie Lee
95.7%
School Daze (1988)Samuel L. Jackson
87%
Do the Right Thing (1989)Samuel L. Jackson
87%
Mo' Better Blues (1990)Samuel L. Jackson
87%
Jungle Fever (1991)Samuel L. Jackson
87%
Mo' Better Blues (1990)Wesley Snipes
65.2%
Jungle Fever (1991)Wesley Snipes
65.2%
Do the Right Thing (1989)Danny Aiello
60.9%
Do the Right Thing (1989)Rick Aiello
60.9%
Jungle Fever (1991)Rick Aiello
60.9%
Malcolm X (1992)Angela Bassett
60.9%
Clockers (1995)Rick Aiello
60.9%
School Daze (1988)Ossie Davis
56.5%
Do the Right Thing (1989)Ossie Davis
56.5%
Do the Right Thing (1989)John Turturro
56.5%
Mo' Better Blues (1990)John Turturro
56.5%
Mo' Better Blues (1990)Nicholas Turturro
56.5%
Jungle Fever (1991)Ossie Davis
56.5%
Jungle Fever (1991)John Turturro
56.5%
Jungle Fever (1991)Nicholas Turturro
56.5%
Malcolm X (1992)Nicholas Turturro
56.5%
Malcolm X (1992)Ossie Davis
56.5%
Clockers (1995)John Turturro
56.5%
Girl 6 (1996)John Turturro
56.5%
Get on the Bus (1996)Ossie Davis
56.5%
He Got Game (1998)John Turturro
56.5%
School Daze (1988)Roger Guenveur Smith
56.5%
Do the Right Thing (1989)Roger Guenveur Smith
56.5%
Malcolm X (1992)Roger Guenveur Smith
56.5%
Get on the Bus (1996)Roger Guenveur Smith
56.5%
He Got Game (1998)Roger Guenveur Smith
56.5%
Do the Right Thing (1989)Rosie Perez
47.8%
Do the Right Thing (1989)Martin Lawrence
43.5%
Mo' Better Blues (1990)Dick Anthony Williams
43.5%
Mo' Better Blues (1990)Cynda Williams
43.5%
Malcolm X (1992)Karen Allen
43.5%
He Got Game (1998)Ray Allen
43.5%
He Got Game (1998)Jim Brown
43.5%
Do the Right Thing (1989)Ruby Dee
39.1%
Jungle Fever (1991)Ruby Dee
39.1%
Jungle Fever (1991)Halle Berry
39.1%
Clockers (1995)Harvey Keitel
39.1%
Girl 6 (1996)Halle Berry
39.1%
Mo' Better Blues (1990)Steve White
34.8%
Jungle Fever (1991)Annabella Sciorra
34.8%
Clockers (1995)Hassan Johnson
34.8%
Get on the Bus (1996)Steve White
34.8%
He Got Game (1998)Rosario Dawson
34.8%
Do the Right Thing (1989)Steve White
34.8%
Malcolm X (1992)Steve White
34.8%
Film Actor/Actress % Correct
Clockers (1995)Steve White
34.8%
School Daze (1988)Laurence Fishburne
30.4%
School Daze (1988)Giancarlo Esposito
30.4%
Do the Right Thing (1989)Giancarlo Esposito
30.4%
Mo' Better Blues (1990)Giancarlo Esposito
30.4%
Malcolm X (1992)Al Freeman, Jr.
30.4%
Malcolm X (1992)Delroy Lindo
30.4%
Malcolm X (1992)Giancarlo Esposito
30.4%
Crooklyn (1994)Delroy Lindo
30.4%
Clockers (1995)Delroy Lindo
30.4%
He Got Game (1998)Jennifer Esposito
30.4%
School Daze (1988)Bill Nunn
26.1%
Do the Right Thing (1989)Bill Nunn
26.1%
Mo' Better Blues (1990)Bill Nunn
26.1%
Mo' Better Blues (1990)Charlie Murphy
26.1%
Jungle Fever (1991)Charlie Murphy
26.1%
Crooklyn (1994)Alfre Woodard
26.1%
He Got Game (1998)Bill Nunn
26.1%
She's Gotta Have It (1986)Tracy Camilla Johns
21.7%
Do the Right Thing (1989)Richard Edson
21.7%
Do the Right Thing (1989)John Savage
21.7%
Malcolm X (1992)Albert Hall
21.7%
Get on the Bus (1996)Albert Hall
21.7%
He Got Game (1998)Rick Fox
21.7%
Mo' Better Blues (1990)Tracy Camilla Johns
21.7%
School Daze (1988)Tisha Campbell-Martin
17.4%
Do the Right Thing (1989)Robin Harris
17.4%
Mo' Better Blues (1990)Robin Harris
17.4%
Jungle Fever (1991)Michael Imperioli
17.4%
Malcolm X (1992)Michael Imperioli
17.4%
Crooklyn (1994)Zelda Harris
17.4%
Clockers (1995)Regina Taylor
17.4%
Clockers (1995)Michael Imperioli
17.4%
Girl 6 (1996)Michael Imperioli
17.4%
Girl 6 (1996)Debra Wilson
17.4%
He Got Game (1998)Zelda Harris
17.4%
Do the Right Thing (1989)Frankie Faison
13%
Do the Right Thing (1989)Frank Vincent
13%
Mo' Better Blues (1990)Doug E. Doug
13%
Jungle Fever (1991)Frank Vincent
13%
Jungle Fever (1991)Anthony Quinn
13%
Jungle Fever (1991)Michael Badalucco
13%
Jungle Fever (1991)Theresa Randle
13%
Jungle Fever (1991)Doug E. Doug
13%
Malcolm X (1992)Theresa Randle
13%
Clockers (1995)Mekhi Phifer
13%
Clockers (1995)Keith David
13%
Clockers (1995)Michael Badalucco
13%
Girl 6 (1996)Theresa Randle
13%
Girl 6 (1996)Naomi Campbell
13%
Girl 6 (1996)Mekhi Phifer
13%
Get on the Bus (1996)Bernie Mac
13%
She's Gotta Have It (1986)Tommy Redmond Hicks
8.7%
She's Gotta Have It (1986)John Canada Terrell
8.7%
She's Gotta Have It (1986)Raye Dowell
8.7%
She's Gotta Have It (1986)S. Epatha Merkerson
8.7%
School Daze (1988)Kyme
8.7%
School Daze (1988)Joe Seneca
8.7%
School Daze (1988)Ellen Holly
8.7%
School Daze (1988)Art Evans
8.7%
School Daze (1988)Kadeem Hardison
8.7%
School Daze (1988)Eric Payne
8.7%
School Daze (1988)Cylk Cozart
8.7%
School Daze (1988)Kasi Lemmons
8.7%
Do the Right Thing (1989)Paul Benjamin
8.7%
Do the Right Thing (1989)Miguel Sandoval
8.7%
Mo' Better Blues (1990)Jeff 'Tain' Watts
8.7%
Mo' Better Blues (1990)Ruben Blades
8.7%
Mo' Better Blues (1990)Joe Seneca
8.7%
Mo' Better Blues (1990)Flavor Flav
8.7%
Jungle Fever (1991)Lonette McKee
8.7%
Jungle Fever (1991)Tyra Ferrell
8.7%
Jungle Fever (1991)Veronica Webb
8.7%
Jungle Fever (1991)Joseph D'Onofrio
8.7%
Film Actor/Actress % Correct
Jungle Fever (1991)Debi Mazar
8.7%
Jungle Fever (1991)Tim Robbins
8.7%
Jungle Fever (1991)Brad Dourif
8.7%
Jungle Fever (1991)Miguel Sandoval
8.7%
Jungle Fever (1991)Queen Latifah
8.7%
Malcolm X (1992)Kate Vernon
8.7%
Malcolm X (1992)Lonette McKee
8.7%
Malcolm X (1992)Tommy Hollis
8.7%
Malcolm X (1992)James McDaniel
8.7%
Malcolm X (1992)Debi Mazar
8.7%
Malcolm X (1992)Joe Seneca
8.7%
Malcolm X (1992)Wendell Pierce
8.7%
Malcolm X (1992)William Fichtner
8.7%
Malcolm X (1992)Vincent D'Onofrio
8.7%
Malcolm X (1992)Peter Boyle
8.7%
Clockers (1995)Sticky Fingaz
8.7%
Clockers (1995)Paul Calderon
8.7%
Girl 6 (1996)Debi Mazar
8.7%
Girl 6 (1996)Richard Belzer
8.7%
Girl 6 (1996)Quentin Tarantino
8.7%
Get on the Bus (1996)Richard Belzer
8.7%
Get on the Bus (1996)Andrew Braugher
8.7%
Get on the Bus (1996)Wendell Pierce
8.7%
Get on the Bus (1996)Charles S. Dutton
8.7%
He Got Game (1998)Milla Jovovich
8.7%
He Got Game (1998)Ned Beatty
8.7%
He Got Game (1998)Lonette McKee
8.7%
Mo' Better Blues (1990)Coati Mundi
8.7%
Malcolm X (1992)Veronica Webb
8.7%
Girl 6 (1996)Coati Mundi
8.7%
He Got Game (1998)Coati Mundi
8.7%
Malcolm X (1992)David Patrick Kelly
4.3%
Malcolm X (1992)Shirley Stoler
4.3%
Malcolm X (1992)Mary Alice
4.3%
Malcolm X (1992)Richard Schiff
4.3%
Malcolm X (1992)Elise Neal
4.3%
Malcolm X (1992)John Sayles
4.3%
Malcolm X (1992)Martin Donovan
4.3%
Malcolm X (1992)Christopher Plummer
4.3%
Malcolm X (1992)Nelson Mandela
4.3%
Crooklyn (1994)David Patrick Kelly
4.3%
Crooklyn (1994)Jose Zuniga
4.3%
Crooklyn (1994)Vondie Curtis-Hall
4.3%
Crooklyn (1994)Bokeem Woodbine
4.3%
Crooklyn (1994)RuPaul
4.3%
Crooklyn (1994)Dan Grimaldi
4.3%
Clockers (1995)Peewee Love
4.3%
Clockers (1995)Brendan Kelly
4.3%
Clockers (1995)Mike Starr
4.3%
Girl 6 (1996)Jenifer Lewis
4.3%
Girl 6 (1996)Peter Berg
4.3%
Girl 6 (1996)Gretchen Mol
4.3%
Girl 6 (1996)Larry Pine
4.3%
Girl 6 (1996)Madonna
4.3%
Girl 6 (1996)Ron Silver
4.3%
Get on the Bus (1996)De'aundre Bonds
4.3%
Get on the Bus (1996)Thomas Jefferson Byrd
4.3%
Get on the Bus (1996)Gabriel Casseus
4.3%
Get on the Bus (1996)Hill Harper
4.3%
Get on the Bus (1996)Harry Lennix
4.3%
Get on the Bus (1996)Randy Quaid
4.3%
He Got Game (1998)Hill Harper
4.3%
He Got Game (1998)Thomas Jefferson Byrd
4.3%
He Got Game (1998)Arthur J. Nascarella
4.3%
He Got Game (1998)Chasey Lain
4.3%
Malcolm X (1992)Craig Wasson
4.3%
Malcolm X (1992)Brendan Kelly
4.3%
Clockers (1995)Thomas Jefferson Byrd
4.3%
Clockers (1995)Elvis Nolasco
4.3%
Clockers (1995)Arthur J. Nascarella
4.3%
Clockers (1995)Harry Lennix
4.3%
Girl 6 (1996)Thomas Jefferson Byrd
4.3%
Girl 6 (1996)Arthur J. Nascarella
4.3%
He Got Game (1998)Kim Director
4.3%

You're not logged in!

Compare scores with friends on all Sporcle quizzes.
Sign Up with Email
OR
Log In

You Might Also Like...

Show Comments

Extras

Top Quizzes Today


Score Distribution

Your Account Isn't Verified!

In order to create a playlist on Sporcle, you need to verify the email address you used during registration. Go to your Sporcle Settings to finish the process.